Το τέλος του λόγου = The end of reason

Αποθηκεύτηκε σε:
Λεπτομέρειες βιβλιογραφικής εγγραφής
Κύριος συγγραφέας: Horkheimer, Max 1895-1973
Άλλοι συγγραφείς: Ροζάνης, Στέφανος, 1942- (Μεταφραστής)
Μορφή: Βιβλίο
Γλώσσα:Greek
Δημοσίευση: Αθήνα : ΕΡΑΣΜΟΣ, 1984
Σειρά:Φιλοσοφία (Έρασμος) ; 10
Θέματα:
Ετικέτες: Προσθήκη ετικέτας
Δεν υπάρχουν, Καταχωρήστε ετικέτα πρώτοι!

MARC

LEADER 00000nam a2200000 i 4500
001 1/49019
008 960327s1984 gre d
035 |l 10026766 
040 |a GR-MY-UA  |b gre  |e aacr 
041 0 |a gre 
082 0 |a 128.3 
100 1 |a Horkheimer, Max  |d 1895-1973. 
245 1 3 |a Το τέλος του λόγου =  |b The end of reason /  |c Max Horkheimer ; Μετάφραση:Στέφανος Ροζάνης 
260 |a Αθήνα :   |b ΕΡΑΣΜΟΣ,   |c 1984 
300 |a 64 σ. 
490 1 |a Φιλοσοφία (Έρασμος)  |v ; 10 
500 |a Περιλαμβάνει βιβλιογραφία 
650 0 0 |a Speech. 
650 0 0 |a Philosophy, German  |y 20th century. 
700 1 |a Ροζάνης, Στέφανος,   |d 1942-  |4 trl 
830 0 |a Φιλοσοφία (Έρασμος)  |v ; 10 
852 |a INST  |b CHIOS  |e 19960327  |h 128.3 HOR  |p 005200003210  |q 005200003210  |t BK  |y 0 
909 |a Χ  |b 007614